Countries Closest to Bulgaria - Statistics

General Stats
  • This quiz has been taken 2,458 times
  • The average score is 19 of 20
Answer Stats
km country % Correct
0 Romania
99%
0 Greece
97%
0 Serbia
97%
0 North Macedonia
96%
0 Türkiye
96%
148 Ukraine
96%
54 Kosovo
94%
148 Albania
93%
258 Hungary
93%
164 Moldova
93%
535 Slovenia
93%
315 Croatia
92%
175 Montenegro
92%
497 Slovakia
92%
221 Bosnia and Herzegovina
91%
400 Italy
90%
358 Russia
90%
570 Austria
87%
640 Czechia
87%
533 Poland
84%
No matching quizzes found
Score Distribution
Percent of People with Each Score
Percentile by Number Answered
Your Score History
You have not taken this quiz